[Event "Olympiad-34"]
[Site "Istanbul"]
[Date "2000.11.05"]
[Round "8.2"]
[White "Sokolov, Ivan"]
[Black "Hracek, Zbynek"]
[Result "1/2-1/2"]
[WhiteElo "2611"]
[BlackElo "2612"]
[Annotator "Dautov,R"]
[PlyCount "143"]
[EventDate "2000.10.28"]
[EventType "team-swiss"]
[EventRounds "14"]
[EventCountry "TUR"]
[SourceTitle "EXT 2001"]
[Source "ChessBase"]
[SourceDate "2000.11.22"]
[SourceVersion "1"]
[SourceVersionDate "2000.11.22"]
[SourceQuality "1"]
[WhiteTeam "Bosnia&Herzegovina"]
[BlackTeam "Czech Republic"]
[WhiteTeamCountry "BIH"]
[BlackTeamCountry "CZE"]

1. d4 Nf6 2. c4 e6 3. Nf3 d5 4. Nc3 Be7 5. Bf4 O-O 6. e3 Nbd7 {Diese
Nebenvariante erfreut sich in letzter Zeit großer Beliebtheit. In den
entstehenden Isolani-Stellungen entwickelt Schwarz dank seinem Springer c5 ein
aktives Gegenspiel.} 7. a3 c5 8. dxc5 (8. cxd5 Nxd5 (8... exd5 9. Be2 $14) 9.
Nxd5 exd5 10. dxc5 Nxc5 11. Be5 (11. Be2 Bf6 12. Be5 Bxe5 13. Nxe5 Be6 14. Nf3
Qb6 15. Qd4 $14 {Gurevich,M-Golod,V/Cappelle la Grande 1999}) 11... Qb6 (11...
Bf6 12. Bxf6 Qxf6 13. Rc1 $14) 12. Bd4 a5 13. Be2 Bf5 14. O-O Rfc8 15. Rc1 Qd8
16. Ne5 a4 $11 {Dautov,R-Zvjaginsev,V/Essen 2000}) 8... Nxc5 9. Rc1 $146 {
Ein Verbesserungsversuch. Weiß entwickelt seinen Turm und bereitet den
Abtausch auf d5 vor.} (9. cxd5 {ist voreilig und verhilft nur dem Gegner zu
gutem Spiel:} Nxd5 10. Nxd5 Qxd5 $1 11. Qxd5 exd5 12. Be5 Bf5 13. Rd1 Rac8 14.
Nd4 Bg6 15. Be2 f6 16. Bg3 Na4 $15 {Krasenkow,M-Zvjaginsev,V/Las Vegas 1999})
9... Nfe4 {Der kritische Moment. Mit dem Textzug erreicht Schwarz keinen
vollständigen Ausgleich.} ({Als eine gute Alternative kam} 9... Nce4 $5 {
in Betracht. Damit entkräftet Schwarz die Idee 10.cxd5 und bereitet den
Ausfall seiner Dame auf a5 vor. Z.B.,} 10. Be5 (10. Nxe4 Nxe4 11. cxd5 Qa5+
$132) 10... Ng4 (10... Qa5 11. Be2 dxc4 12. Bxc4 b5 13. Bd3 Bb7 14. O-O $14)
11. Bg3 Ngf6 {/\Qa5} 12. cxd5 Nxc3 13. Rxc3 Nxd5 14. Rd3 Qb6 $132) 10. cxd5
Nxc3 11. Rxc3 exd5 (11... Qxd5 12. Qxd5 exd5 13. Be2 $14) 12. Be2 Ne4 13. Rd3 (
13. Rc2 $6 Qa5+ 14. Nd2 Be6) 13... Qb6 (13... Qa5+ 14. b4 $14) 14. Be5 Qg6 15.
O-O $14 {Weiß hat einen leichten Vorteil.} Bh3 16. Bg3 Be6 17. Nd4 Rac8 18. Bh5
Qf6 19. Bf3 Ng5 20. Bg4 g6 21. Nxe6 {Danach behält Weiß zwar einen dauerhaften
Vorteil, kann aber die entstehende Stellung mit ungleichfarbigen Läufern kaum
gewinnen.} ({Mit} 21. Bh4 $1 {konnte er den lästigen gegnerischen Springer
abtauschen, um anschließend mit der Belagerung des Isolanis fortzufahren.} Bxg4
22. Qxg4 $14) 21... fxe6 22. Bh4 Qf7 23. Bxg5 Bxg5 24. Qe2 Rc4 25. b3 Rc6 26.
e4 Rd8 27. Rfd1 Kg7 28. g3 Bf6 29. h4 Qc7 $5 {Schwarz opfert einen Bauern, um
die Stellung zu vereinfachen.} 30. exd5 exd5 31. Rxd5 Rxd5 32. Rxd5 Rd6 33.
Rxd6 Qxd6 34. a4 Bd4 35. Qf3 Qc6 36. Qf4 Qf6 37. Qc7+ Qf7 38. Qc2 {Die
weiteren Gewinnversuche von Weiß bringen erwartungsgemäß nichts ein.} a5 39.
Kg2 b6 40. Bf3 Bc5 41. Be4 Qf6 42. Qe2 Qe5 43. Qc2 Qf6 44. Bd5 Qf5 45. Qb2+ Qf6
46. Qe2 Qd4 47. Bc4 Qf6 48. f4 Qd4 49. Kh3 h5 50. Qe6 Kh6 51. Bd5 Qd3 52. Be4
Qf1+ 53. Bg2 Qd3 54. Qg8 Qd7+ 55. Kh2 Qg7 56. Qe8 Qf8 57. Qe5 Qe7 58. Qh8+ Qh7
59. Qe8 Qe7 60. Be4 Kg7 61. Qc6 Qf6 62. Qd7+ Qe7 63. Qd3 Qf6 64. Kh3 Qd6 65.
Qc2 Qf6 66. f5 g5 67. hxg5 Qxg5 68. Qc3+ Qf6 69. Qd2 Be7 70. Qf4 Qg5 71. Qe5+
Qf6 72. Qxf6+ 1/2-1/2

[Event "EU-chT (Men) 14th"]
[Site "Plovdiv"]
[Date "2003.10.13"]
[Round "3.1"]
[White "Gelfand, Boris"]
[Black "Graf, Alexander"]
[Result "1-0"]
[WhiteElo "2703"]
[BlackElo "2646"]
[Annotator "Dautov,R"]
[PlyCount "79"]
[EventDate "2003.10.10"]
[EventType "team-swiss"]
[EventRounds "9"]
[EventCountry "BUL"]
[SourceTitle "CBM 098"]
[Source "ChessBase"]
[SourceDate "2004.02.03"]
[SourceVersion "1"]
[SourceVersionDate "2004.02.03"]
[SourceQuality "1"]
[WhiteTeam "Israel"]
[BlackTeam "Germany"]
[WhiteTeamCountry "ISR"]
[BlackTeamCountry "GER"]

1. d4 Nf6 2. c4 e6 3. Nf3 d5 4. Nc3 Nbd7 5. Bf4 dxc4 6. e3 a6 {In der Variante
6...Nb6 hat Schwarz in der letzten Zeit eine schlechte Statistik.} (6... Nb6 7.
Bxc4 Nxc4 8. Qa4+ Bd7 9. Qxc4 $14) 7. a4 $1 {Dies ist deutlich stärker als das
automatische Schlagen auf c4.} (7. Bxc4 b5 8. Be2 (8. Bb3 $1) 8... Bb7 9. O-O
c5 10. a4 b4 11. Nb1 Rc8 12. Nbd2 cxd4 13. exd4 Nb6 14. a5 Nbd5 15. Bg3 Bd6 $11
{Saemisch,F-Sprecher,L/Berlin 1920}) 7... Nb6 $2 {Eine falsche Entscheidung,
denn die entstehende Stellung ist sehr unangenehm für Schwarz. Gut spielbar
war dagegen 7...c5.} (7... c5 8. Bxc4 cxd4 9. exd4 Nb6 10. Bb3 Nbd5 (10... Be7
$1) 11. Be5 $1 Be7 (11... Bb4 12. Qd3 $14) 12. Nxd5 Nxd5 $2 13. Bxg7 Rg8 14.
Be5 Rxg2 15. Bg3 $16) 8. a5 Nbd5 9. Bxc4 Nxf4 10. exf4 Be7 (10... Bd6 11. Ne5
O-O 12. O-O Nd7 13. Qf3 Qe7 14. Rfe1 Nxe5 15. fxe5 Bb4 16. Re3 Bxc3 17. bxc3
$16 {Alekhine,A-Lancel,E/France 1923}) 11. O-O O-O 12. Ne5 {Weiß steht besser:
sein Springer e5 dominiert die Stellung, die halboffene e-Linie kann von
Türmen genutzt werden, und die Gefahr des Vorstoßes f4-f5 hängt in der Luft.
Schwarz sollte die Aufstellung Qd6, Rd8, Bd7-e8 anstreben.} Qd6 (12... c6 $5
13. Re1 (13. f5 exf5 14. Qb3 Qxd4 15. Nxf7 Qh4 $13) 13... g6 $1 (13... Nd5 14.
f5 $1 exf5 15. Qb3 $16) 14. g3 Qd6 (14... Nd5 15. Qb3 $14 {/\h4-h5}) 15. Ne4
Nxe4 16. Rxe4 Rd8 $14) 13. Re1 c6 $2 {[%mdl 128] Alexander unterschätzte die
Gefährlichkeit des weißen Angriffs. Notwendig war 13...g6.} (13... g6 $1 14.
Re3 $5 (14. d5 exd5 15. Nxd5 Nxd5 16. Qxd5 Qxd5 17. Bxd5 c6 18. Bc4 Bd6 $11)
14... Rd8 15. Rd3 c6 16. Qf3 $14) 14. f5 $1 exf5 $6 {Die schwarze Stellung ist
in Gefahr, aber 14...Nd5 ermöglichte eine zähere Verteidigung.} (14... Nd5 15.
Qb3 Qb4 16. Qc2 Re8 17. Ne4 $36 {/\Nd3}) 15. Nxf7 $1 {Dieser Einschlag ist
deutlich effektiver als das naheliegende 15.Qb3.} (15. Qb3 Be6 16. Qxb7 Ng4 17.
Bxe6 fxe6 18. Qxc6 Nxe5 19. Qxd6 Bxd6 20. dxe5 Bb4 $14) 15... Rxf7 16. Qb3 $16
Nd5 17. Nxd5 cxd5 18. Bxd5 Qf6 19. Rac1 Bd7 {Der einzige Zug, es drohte Rc7.}
20. Rc7 $5 {Schwer zu sagen, ob das einfache 20.Bxf7+ besser war. Der Textzug
war für Alexander sicherlich unangenehmer, denn er befand sich bereits in
Zeitnot.} (20. Bxf7+ Qxf7 21. Qxb7 Rd8 22. Qxa6 $16) 20... Rd8 21. Rxb7 Kf8 (
21... Bd6 $2 22. Rb6 Bb5 23. Rxd6 $1 Rxd6 24. Qxb5 $1 axb5 25. Re8#) 22. Rb6
Qxd4 23. Bxf7 Bc5 24. Rd1 Qxf2+ 25. Kh1 Be8 $1 {Eine schöne Resource, aber sie
reicht leider nicht aus, um die Partie zu retten.} (25... Bxb6 26. axb6 $18)
26. Bd5 $1 {Gelfand ist auf der Hut und findet den besten Weg.} (26. Bxe8 $2
Rxd1+ 27. Qxd1 Bxb6 28. axb6 Kxe8 $15) 26... Bh5 27. Ra1 $1 $18 {Dieser starke
Rückzug entscheidet die Partie.} Qf4 (27... Bxb6 28. axb6 Qc5 29. b7 Rb8 30.
Qg3 $18) 28. Rxa6 Bd6 29. Rxd6 (29. Qg3 $5 $18) 29... Rxd6 30. Qa3 Qe5 31. a6
Qxd5 32. a7 Kf7 33. Qxd6 Qxd6 34. a8=Q Be2 35. Qa7+ Kf6 36. Qa3 Qd5 37. Qe3 Bb5
38. Re1 Bc6 39. Qe7+ Kg6 40. Qe6+ 1-0

[Event "FIDE-Wch k.o."]
[Site "New Delhi/Teheran"]
[Date "2000.11.30"]
[Round "2.1"]
[White "Bareev, Evgeny"]
[Black "Vaganian, Rafael A"]
[Result "1-0"]
[WhiteElo "2702"]
[BlackElo "2623"]
[Annotator "Dautov,R"]
[PlyCount "101"]
[EventDate "2000.11.27"]
[EventType "k.o."]
[EventRounds "7"]
[EventCountry "IND"]
[SourceTitle "CBM 081"]
[Source "ChessBase"]
[SourceDate "2001.03.20"]
[SourceVersion "1"]
[SourceVersionDate "2001.03.20"]
[SourceQuality "1"]

1. d4 d5 2. c4 e6 3. Nc3 Be7 4. Nf3 Nf6 5. Bf4 O-O 6. e3 Nbd7 7. c5 Nh5 8. Bd3
Nxf4 9. exf4 b6 10. b4 {In dieser Variante hat Weiß Raumvorteil und den
schönen Vorposten e5 für seine Springer. Deswegen hat er nichts gegen
Leichtfigurenendspiele, wo diese Faktoren am ehesten zur Geltung kommen.} a5 ({
Zwei Monate später bevorzugte Vaganian das Feld a5 für seine Dame:} 10... c6
11. O-O bxc5 12. bxc5 Qa5 13. Qc2 h6 (13... g6 14. Rab1 Ba6 15. Bxa6 Qxa6 16.
Nd1 Rab8 17. Ne3 Rxb1 18. Rxb1 Rb8 19. Rxb8+ Nxb8 20. Qb3 Qb5 21. Nd2 Kg7 22.
a4 Qxb3 23. Nxb3 Bd8 24. g3 Bc7 25. Kf1 $11 {Skalik,P-Ostrowski,L/Zakopane 2000
}) 14. Rab1 Ba6 15. Bxa6 Qxa6 16. Rb4 (16. Nd1 $5) 16... Rfb8 17. Rfb1 Bd8 18.
g3 Rxb4 19. Rxb4 Rb8 20. Rxb8 Nxb8 21. Kg2 Nd7 22. Qa4 Qxa4 23. Nxa4 g5 $11 {
Schandorff,L-Vaganian,R/BL 00/01}) 11. a3 c6 (11... bxc5 12. bxc5 Ba6 13. Bxa6
Rxa6 14. O-O g6 15. Qe2 Ra8 16. Rab1 Bf6 17. Ne5 Bxe5 18. fxe5 Nb8 19. Qb5 Qe8
20. Qd3 Nc6 21. Rb7 Qd7 22. Rfb1 Rfb8 23. f4 $14 {Forintos,G-Kristiansen,E/La
Habana 1966}) 12. O-O Qc7 13. g3 Ba6 14. Qc2 Bxd3 15. Qxd3 Rfb8 16. Rfc1 Qb7
17. Kg2 g6 18. Qc2 b5 {Letzten Endes entscheidet sich Schwarz für diese
geschlossene Struktur, die ihm so gut wie gar keine aktiven Möglichkeiten
übrigläßt.} (18... axb4 19. axb4 bxc5 (19... Rxa1 $5 20. Rxa1 Ra8) 20. bxc5 {
hätte ihm zwar etwas mehr Gegenspielmöglichkeiten eingeräumt, würde aber die
Schwäche c6 bloßlegen.}) 19. Rcb1 axb4 20. axb4 Rxa1 21. Rxa1 Ra8 22. Qb2 Ra6
23. Rxa6 Qxa6 24. Ne5 $1 $14 Nb8 $1 ({Natürlich nicht} 24... Nxe5 $2 25. dxe5
$1 {, und nach der Überführung Ne2-d4 wird die schwarze Dame zum Bodyguard des
Bauern c6 degradiert.}) 25. g4 Bf6 (25... f6 26. Nf3 Nd7 27. g5 $14) 26. Kg3 {
Weiß verbessert Zug um Zug seine Stellung, während Schwarz Wasser treten muß.}
Bg7 {/\f6, Nd7} 27. g5 $1 h6 28. gxh6 $1 {Es ist Zeit, die Stellung etwas zu
öffnen.} ({Nach} 28. h4 $2 h5 {wäre die schwarze Festung undurchdringbar
geworden.}) 28... Bxh6 29. Qa2 $1 {Gerade rechtzeitig! Nach dem Damentausch
droht die Überführung eines Springers auf a5.} Qxa2 30. Nxa2 {/\Nc1-b3-a5} Bf8
$6 ({Besser war} 30... Bg7 31. Kg4 (31. Nc1 Bxe5 32. fxe5 Na6 33. Nd3 Kg7 34.
Kg4 Kh6 $11) 31... Bf6 (31... Bxe5 32. fxe5 Kg7 33. Kg5 $14) 32. Nc1 Kg7 33.
Nf3 $1 (33. Ncd3 Bxe5 34. Nxe5 f6 35. Nd3 Na6 $11) 33... Na6 34. Nd3 Nb8 35. h4
$14) 31. Nc1 Kg7 32. Nb3 f6 33. Nd3 Be7 34. Na5 Kf7 35. h4 Kg7 (35... Bd8 36.
Nb7 Bc7 37. Kg4 $14) 36. Nb7 Kh6 37. Nd6 Nd7 38. Kh3 Nb8 39. Nc8 Bd8 $2 (39...
Bf8 $8) 40. Nd6 Be7 41. Nc8 Bd8 $2 42. f5 $3 $18 e5 (42... exf5 43. Nf4 Na6 44.
Ne6 Bc7 45. Ne7 $18) (42... gxf5 43. Nf4 e5 44. Ne6 exd4 45. Kg2 $18) 43. dxe5
fxe5 44. Nxe5 Bf6 45. Ng4+ Kg7 46. fxg6 Kxg6 47. h5+ Kg7 48. h6+ Kg6 49. Nxf6
Kxf6 50. Ne7 d4 51. Kg3 1-0

[Event "Olympiad-32"]
[Site "Yerevan"]
[Date "1996.09.17"]
[Round "2.1"]
[White "Akopian, Vladimir Eduardovic"]
[Black "Beliavsky, Alexander G"]
[Result "1/2-1/2"]
[WhiteElo "2630"]
[BlackElo "2620"]
[Annotator "Dolmatov,S"]
[PlyCount "81"]
[EventDate "1996.09.15"]
[EventType "team-swiss"]
[EventRounds "14"]
[EventCountry "ARM"]
[SourceTitle "CBM 055"]
[Source "ChessBase"]
[SourceDate "1996.12.01"]
[SourceVersion "1"]
[SourceVersionDate "1996.12.01"]
[SourceQuality "1"]
[WhiteTeam "Armenia"]
[BlackTeam "Slovenia"]
[WhiteTeamCountry "ARM"]
[BlackTeamCountry "SLO"]

1. Nf3 d5 2. d4 Nf6 3. c4 e6 4. Nc3 Be7 5. Bf4 O-O 6. e3 c5 7. dxc5 Bxc5 8. Qc2
Nc6 9. a3 Qa5 10. O-O-O Be7 11. g4 dxc4 12. Bxc4 a6 $5 (12... e5 13. g5 exf4
14. gxf6 Bxf6 15. Nd5 Ne7 16. Nxf6+ gxf6 17. Rhg1+ Kh8 18. Nd4 Bf5 19. Nxf5
Qxf5 20. Bd3 Qe5 21. Kb1 fxe3 22. fxe3 f5 $13 {Akopian,V-Pigusov,E/Tilburg/
1994/}) 13. g5 Nh5 14. Bd6 Bxd6 15. Rxd6 Ne5 16. Be2 Nxf3 17. Bxf3 Qxg5 18. Ne4
Qf5 19. Bxh5 Qxh5 20. Rg1 (20. Rg1 {Gelfand,B-Beliavsky,A/URS/1989/0,5/35/})
20... f5 (20... Kh8 21. Qc3 Qh6 (21... f6 22. Nxf6 gxf6 23. Qxf6+ $18) 22. Ng5
$40) 21. Nf6+ Rxf6 22. Qc7 Qh6 23. Rd8+ Rf8 24. Rxf8+ (24. Rgd1 Bd7) 24... Kxf8
25. Rd1 Bd7 26. Rxd7 (26. Qxb7 $2 Rd8 27. Rxd7 Rxd7 28. Qxd7 Qxh2 $10) 26... b5
27. Kb1 Re8 28. Qe5 $2 (28. Rf7+ Kg8 29. Qd7 Rf8 (29... Rd8 $2 30. Rxg7+ Qxg7
31. Qxd8+ $16) 30. Re7 $40) 28... Re7 29. Rd6 $6 (29. Qd6 Qh4 $1 (29... Qf6 30.
Ra7 e5 31. Rxa6 $16) 30. Rxe7 Qxe7 31. Qxa6 Qd7 $10) 29... Qh4 $1 30. Rxe6 (30.
f4 Qe1+ 31. Ka2 Qe2 $10) 30... Rxe6 31. Qxe6 Qxf2 $10 32. Qxa6 Qf1+ 33. Ka2
Qc4+ 34. Ka1 Kf7 35. Qb7+ Kg6 36. Qe7 Qd5 37. h4 Qd3 38. Qe8+ Kh6 39. Qe7 Qf1+
40. Ka2 Qc4+ 41. Ka1 1/2-1/2

[Event "Biel"]
[Site "Biel"]
[Date "1986.07.25"]
[Round "5"]
[White "Miles, Anthony John"]
[Black "Greenfeld, Alon"]
[Result "1/2-1/2"]
[WhiteElo "2570"]
[BlackElo "2510"]
[Annotator "Dolmatov,S"]
[PlyCount "29"]
[EventDate "1986.07.20"]
[EventType "tourn"]
[EventRounds "11"]
[EventCountry "SUI"]
[EventCategory "12"]
[SourceTitle "MCL"]
[Source "ChessBase"]
[SourceDate "1999.07.01"]
[SourceVersion "1"]
[SourceVersionDate "1999.07.01"]
[SourceQuality "1"]

1. d4 d5 2. c4 e6 3. Nf3 Nf6 4. Nc3 Be7 5. Qc2 c5 6. dxc5 d4 (6... Na6 7. Bg5
Qa5 8. e3 Nxc5 9. Nd2 dxc4 10. Nxc4 Nd3+ 11. Bxd3 $14 {Eingorn,V-Smyslov,V/
Sochi/1986/}) 7. Na4 (7. Nb5 $2 Bxc5 8. Bf4 O-O 9. Nc7 Nh5 $40) 7... Nc6 8. a3
(8. Bd2 $5 e5 9. e4 dxe3 10. Bxe3 $14) (8. e3 $5 e5 9. exd4 e4 10. d5 exf3 11.
dxc6 $14) 8... e5 9. e4 Nxe4 $1 10. Qxe4 Qa5+ 11. Bd2 Qxa4 12. Nxe5 Nxe5 13.
Qxe5 O-O 14. Bd3 Bf6 15. Qh5 (15. Qh5 g6 16. Qf3 Re8+ 17. Kf1 Qb3 $44) 1/2-1/2

[Event "Novgorod"]
[Site "Novgorod"]
[Date "1995.06.03"]
[Round "7"]
[White "Kasparov, Garry"]
[Black "Ehlvest, Jaan"]
[Result "1/2-1/2"]
[WhiteElo "2805"]
[BlackElo "2615"]
[Annotator "Dolmatov,S"]
[PlyCount "85"]
[EventDate "1995.05.??"]
[EventType "tourn"]
[EventRounds "9"]
[EventCountry "RUS"]
[EventCategory "17"]
[SourceTitle "CBM 048"]
[Source "ChessBase"]
[SourceDate "1995.10.01"]
[SourceVersion "1"]
[SourceVersionDate "1995.10.01"]
[SourceQuality "1"]

1. c4 {King} e6 2. d4 d5 3. Nc3 Be7 4. Nf3 Nf6 5. Bf4 O-O 6. e3 c5 7. dxc5 Bxc5
8. a3 Nc6 9. Qc2 Qa5 10. O-O-O Be7 11. h4 (11. g4 Rd8 (11... dxc4 $5) 12. h3
Bd7 13. Nd2 a6 14. Be2 $132 {Gurevich,M-Kharitonov,A/URS/1988/}) 11... Rd8 {
King Ehlvest's reply is more solid than Vaganian's. I have a feeling that the
popularity of Kasparov's 11.h4 is going to be short-lived.} (11... dxc4 12.
Bxc4 b6 13. Ng5 $40 {Kasparov,G-Vaganian,R/Novgorod super(05)/1995/}) 12. g4
Bd7 13. Kb1 (13. g5 $6 Nh5 (13... Ne4 {King} 14. Nxe4 dxe4 15. Qxe4 Bxa3 $1)
14. cxd5 Nxf4 15. exf4 exd5 16. Rxd5 Qc7 $44) 13... dxc4 (13... Rac8 $5 14. g5
Nh5 15. cxd5 Nxf4 16. exf4 exd5 17. Rxd5 Qc7 18. f5 $40) 14. Bxc4 Rac8 (14...
Be8 $5 15. g5 Nh5 (15... Nd5 $2 16. Nxd5 exd5 17. Bd3 g6 18. h5 $16) 16. Bh2 a6
) (14... Nxg4 $6 15. Rhg1 Nf6 16. Rg5 $1 $40) 15. g5 Nh5 16. Bd6 g6 (16... Bxd6
$5 17. Rxd6 Ne5 (17... Qc5 $2 18. Ne4) 18. Nxe5 (18. Be2 $6 Bc6 19. Nxe5 Bxh1
20. Rxd8+ Rxd8 21. Nc4 Qc7 $17) 18... Qxe5 19. Rd4 (19. Rhd1 Rxc4 20. Rxd7 Rxd7
21. Rxd7 g6 $132) 19... Be8 20. Rhd1 $14) 17. Be2 Bxd6 18. Rxd6 Ne7 19. Qb3 (
19. Rhd1 $2 Nd5) 19... Bc6 20. Rxd8+ (20. Rhd1 $2 Rxd6 21. Rxd6 Qf5+ 22. Qc2
Bxf3 $19) 20... Rxd8 21. Rd1 Qf5+ 22. Ka1 Rf8 (22... Rxd1+ 23. Qxd1 $16) 23. e4
Qc5 (23... Bxe4 $2 24. Nd4 Qe5 (24... Qf4 25. Bxh5 gxh5 26. Nxe6 fxe6 27. Qxe6+
$16) 25. Bxh5 gxh5 26. Re1 Qxd4 27. Nxe4 $40) 24. Qb4 $1 Qxb4 25. axb4 Nf4 26.
Bf1 $16 (26. b5 $2 Nxe2 27. bxc6 Nxc3 $15) 26... a6 27. Ne5 Rc8 28. Ka2 Kg7 29.
Kb3 Be8 {/\30...h6} 30. Ng4 Ng8 31. Rd4 Bc6 (31... h6 32. e5 hxg5 33. hxg5 $16)
(31... h5 32. e5 $16) 32. b5 axb5 33. Bxb5 h5 34. Bxc6 (34. Ne5 $2 f6 35. gxf6+
Kxf6) 34... Rxc6 35. Ne5 Rc7 36. Kb4 (36. Nb5 $2 Rc5) 36... Ne7 37. Nb5 Rc2 38.
Rd7 Nc6+ 39. Nxc6 bxc6 40. Nd6 Nd3+ 41. Ka5 $2 (41. Kb3 Nc5+ (41... Rxf2 $5)
42. Kxc2 Nxd7 43. Kc3 Kf8 44. f4) (41. Ka3 $1 $16 Ne5 42. Rd8 Nc4+ 43. Kb3 $18)
41... Ne5 42. Rd8 Nc4+ $10 43. Nxc4 1/2-1/2

[Event "Manhattan March Int"]
[Site "New York"]
[Date "1999.03.06"]
[Round "2"]
[White "Fedorowicz, John P"]
[Black "Shliperman, Igor"]
[Result "1-0"]
[WhiteElo "2574"]
[BlackElo "2442"]
[Annotator "Donev,I"]
[PlyCount "60"]
[EventDate "1999.03.05"]
[EventType "tourn"]
[EventRounds "9"]
[EventCountry "USA"]
[EventCategory "10"]
[SourceTitle "CBM 070"]
[Source "ChessBase"]
[SourceDate "1999.06.08"]
[SourceVersion "1"]
[SourceVersionDate "1999.06.08"]
[SourceQuality "1"]

1. d4 Nf6 2. Nf3 e6 3. c4 d5 4. Nc3 Be7 5. Bf4 O-O 6. e3 b6 7. cxd5 exd5 8. Bd3
Bb7 9. Ne5 c5 10. Rc1 ({Interessant ist folgender Plan mit dem GM Dautov
schnell Vorteil bekommen hat:} 10. O-O $5 a6 11. Qf3 $1 Nc6 12. dxc5 bxc5 13.
Rad1 Qb6 14. Nxd5 Nxd5 15. Qxd5 Nxe5 16. Qxe5 Qc6 17. f3 Bf6 18. Qd6 Bxb2 19.
Be4 Qxd6 20. Bxd6 Bxe4 21. Bxf8 Rxf8 22. fxe4 c4 23. Rd7 c3 24. Rc7 f6 25. Rd1
Kh8 26. Rd6 h6 27. Kf2 a5 28. Rdc6 a4 29. Rc8 Rxc8 30. Rxc8+ Kh7 31. Ke2 h5 32.
Kd3 a3 33. Rxc3 Bxc3 34. Kxc3 h4 35. h3 Kg6 36. Kb3 Kf7 37. Kxa3 Ke6 38. Kb4
Ke5 39. a4 {1-0 Dautov,R-Roeder,M/BL2-W9596 1996/GER-chT2 (39)}) 10... Nbd7 11.
O-O a6 12. Qf3 Re8 13. Rfd1 cxd4 14. exd4 Nf8 15. Ne2 Bd6 16. Bg5 $5 {Weiß
opfert einen zentralen Bauer, bekommt dafür aber das Läuferpaar und starke
Initiative.} Bxe5 17. dxe5 Rxe5 18. Bf4 Re7 19. Nd4 {[%cal Yd4f5] Jetzt sind
alle weißen Figuren im Zentrum harmonisch plaziert. Der Springer auf d4
blockiert den schwarzen Freibauern und schaut Richtung Königsflügel.} Rc8 20.
Rxc8 Qxc8 21. Bg5 N8d7 22. Nf5 Re6 23. Qg3 $1 {[%cal Yg3d6,Yg3g7] Hier hat die
weiße Dame 2 wichtige Funktionen: a) sie kontrolliert das Feld d6, damit in
einem passenden Moment der weiße Springer dort hinspringen kann, b) sie schaut
zum schwarzen Monarchen und stellt eine Drohung auf.} g6 24. h3 (24. Rc1 $5 Qe8
(24... Qxc1+ 25. Bxc1 Re1+ 26. Bf1 Rxc1 27. Nd6 $16) 25. Qc7 gxf5 (25... Re1+
26. Rxe1 Qxe1+ 27. Bf1 gxf5 (27... Ba8 28. Nh6+ Kg7 29. Bxf6+ Nxf6 30. Qxf7+
Kxh6 31. Qxf6 $16) 28. Qxb7 $14) 26. Bxf6 Nxf6 27. Qxb7 Re1+ 28. Rxe1 Qxe1+ 29.
Bf1 $44) 24... Qe8 25. Nd6 Qb8 26. Nxb7 Qxb7 27. Bf5 Nh5 28. Qh4 Re5 29. Bxd7
Qxd7 30. Be3 Re4 $4 {[%mdl 8192] Schwarz übersieht, dass der d5-Bauer
gefesselt ist und nach 31.Qxe4! dxe4 die Dame auf d7 ungedeckt ist. Schade,
dass in dieser spielbaren Stellung der Nachziehende einen groben Fehler macht;
danach muss er sofort aufgeben.} (30... Re6 $142 31. Qd4 Nf6 32. Bg5 Ne8 $13)
1-0